[Event "Madrid San Viator op-B 31st"]
[Site "Madrid"]
[Date "2019.10.20"]
[Round "6"]
[White "Carrera Mellado, Sergio"]
[Black "Torrecillas Adan, Luis"]
[Result "0-1"]
[WhiteElo "1202"]
[BlackElo "1400"]
[PlyCount "108"]
[EventDate "2019.09.08"]
[EventType "swiss"]
[EventRounds "9"]
[EventCountry "ESP"]
[SourceTitle "EXT 2022"]
[Source "ChessBase"]
[SourceDate "2021.10.06"]
[SourceVersion "1"]
[SourceVersionDate "2021.10.06"]
[SourceQuality "1"]

1. d4 d5 2. c4 c6 3. Nf3 h6 4. Nc3 Nf6 5. Bf4 Bf5 6. Qb3 b6 7. Ne5 e6 8. Qa4 Qc8 9. e3 Be7 10. cxd5 Nxd5 11. Nxd5 exd5 12. Rc1 Bd7 13. Nxd7 Qxd7 14. Be2 Bd6 15. Bxd6 Qxd6 16. 0-0 0-0 17. Bf3 Rc8 18. Rc3 f5 19. g3 a5 20. Rfc1 b5 21. Qc2 g6 22. Be2 Rf8 23. a3 Ra7 24. Bf1 Raf7 25. Qd2 g5 26. R3c2 Rg7 27. Qd3 Qf6 28. Bg2 Qd6 29. Bh3 Rgf7 30. Qd2 Qd8 31. Bg2 Rf6 32. Qe1 Re8 33. Qc3 h5 34. Qd3 Kg7 35. Bh3 g4 36. Bg2 Rh8 37. h4 gxh3 38. Bxh3 Kg6 39. g4 hxg4 40. Bxg4 Rh4 41. Bf3 Re6 42. Kf1 Qg5 43. Ke2 Kf6 44. Rf1 Rh2 45. Ke1 f4 46. Re2 fxe3 47. fxe3 Rxe2+ 48. Qxe2 Rxe3 49. Bxd5+ Kg6 50. Bf7+ Kg7 51. Bh5 Rxe2+ 52. Bxe2 Qc1+ 53. Kf2 Qxb2 54. Rg1+ Kf6 0-1

[Event "Madrid San Viator op-B 31st"]
[Site "Madrid"]
[Date "2019.09.29"]
[Round "3"]
[White "Torrecillas Adan, Luis"]
[Black "Sanchez Rivero, Miguel"]
[Result "0-1"]
[WhiteElo "1400"]
[BlackElo "1581"]
[PlyCount "84"]
[EventDate "2019.09.08"]
[EventType "swiss"]
[EventRounds "9"]
[EventCountry "ESP"]
[SourceTitle "EXT 2022"]
[Source "ChessBase"]
[SourceDate "2021.10.06"]
[SourceVersion "1"]
[SourceVersionDate "2021.10.06"]
[SourceQuality "1"]

1. e4 d6 2. d4 Nf6 3. Nc3 e5 4. dxe5 dxe5 5. Qxd8+ Kxd8 6. Nf3 Nbd7 7. Ng5 Ke8 8. Bc4 Bb4 9. Nxf7 Rf8 10. Ng5 Nc5 11. f3 h6 12. Nh3 Na4 13. Bb5+ Bd7 14. Bxd7+ Nxd7 15. 0-0 Nxc3 16. bxc3 Bxc3 17. Rb1 b6 18. Ba3 Rf7 19. Rfd1 Nf6 20. Rd3 Bd4+ 21. Kh1 b5 22. c3 Bb6 23. Rbd1 c5 24. Bc1 Ke7 25. g4 Raf8 26. Kg2 g5 27. R3d2 b4 28. c4 Rd8 29. Rxd8 Bxd8 30. Nf2 Nd7 31. Bb2 Rf6 32. Rd5 Ra6 33. Bxe5 Rxa2 34. Bg7 b3 35. Rd1 a5 36. Bxh6 Ke6 37. Kf1 Rxf2+ 38. Kxf2 Bf6 39. f4 gxf4 40. Bxf4 Ne5 41. Ke2 Nxc4 42. Kd3 Nb2+ 0-1

[Event "Madrid San Viator op-B 31st"]
[Site "Madrid"]
[Date "2019.09.15"]
[Round "2"]
[White "Lavado Pena, Hector"]
[Black "Torrecillas Adan, Luis"]
[Result "0-1"]
[WhiteElo "1058"]
[BlackElo "1400"]
[PlyCount "86"]
[EventDate "2019.09.08"]
[EventType "swiss"]
[EventRounds "9"]
[EventCountry "ESP"]
[SourceTitle "EXT 2022"]
[Source "ChessBase"]
[SourceDate "2021.10.06"]
[SourceVersion "1"]
[SourceVersionDate "2021.10.06"]
[SourceQuality "1"]

1. e4 e5 2. Nf3 Nc6 3. Nc3 a6 4. a3 Nf6 5. Bc4 h6 6. b4 b5 7. Bb3 Bb7 8. d3 d6 9. Be3 Be7 10. 0-0 0-0 11. h3 Nb8 12. Qd2 c6 13. d4 exd4 14. Qxd4 c5 15. bxc5 dxc5 16. Qxd8 Rxd8 17. Nd2 c4 18. Ba2 Nc6 19. Rad1 Bxa3 20. Nf3 Bb4 21. Bd2 Bxc3 22. Bxc3 Nxe4 23. Rxd8+ Rxd8 24. Bb2 Nd2 25. Nxd2 Rxd2 26. Re1 Rd8 27. Bb1 f6 28. c3 Ne5 29. Bc1 g5 30. g3 Nf3+ 31. Kf1 Nxe1 32. Kxe1 Kg7 33. Be3 Bc8 34. Bb6 Re8+ 35. Kf1 Bxh3+ 36. Kg1 Bc8 37. Bc2 g4 38. f3 Re2 39. Kf1 Rxc2 40. fxg4 Bxg4 41. Bd4 a5 42. Bb6 a4 43. Ba5 a3 0-1

[Event "Alcorcon Spring op-B 1st"]
[Site "Alcorcon"]
[Date "2019.03.31"]
[Round "2"]
[White "Alcojor Patilla, Antonio"]
[Black "Torrecillas Adan, Luis"]
[Result "1-0"]
[WhiteElo "1626"]
[BlackElo "1428"]
[PlyCount "43"]
[EventDate "2019.03.24"]
[EventType "swiss"]
[EventRounds "9"]
[EventCountry "ESP"]
[SourceTitle "EXT 2020"]
[Source "ChessBase"]
[SourceDate "2019.10.17"]
[SourceVersion "1"]
[SourceVersionDate "2019.10.17"]
[SourceQuality "1"]

1. e4 e5 2. Nf3 d6 3. Bc4 h6 4. Nc3 Nf6 5. d4 exd4 6. Nxd4 Ng4 7. f3 Ne5 8. Bb3 Qh4+ 9. g3 Qf6 10. Nd5 Qd8 11. Ne3 Bd7 12. f4 Nec6 13. c3 Ne7 14. e5 dxe5 15. fxe5 Bc6 16. Rf1 Bd5 17. Nxd5 Nxd5 18. Qf3 f6 19. Bxd5 c6 20. Bb3 Nd7 21. Qh5+ Ke7 22. Qf7# 1-0

[Event "Madrid San Viator op-B 30th"]
[Site "Madrid"]
[Date "2018.06.03"]
[Round "8"]
[White "Rossique Delmas, Antonio"]
[Black "Torrecillas Adan, Luis"]
[Result "1/2-1/2"]
[WhiteElo "1543"]
[BlackElo "1459"]
[PlyCount "60"]
[EventDate "2018.04.08"]
[EventType "swiss"]
[EventRounds "9"]
[EventCountry "ESP"]
[SourceTitle "EXT 2019"]
[Source "ChessBase"]
[SourceDate "2018.10.10"]
[SourceVersion "1"]
[SourceVersionDate "2018.10.10"]
[SourceQuality "1"]

1. e4 e5 2. Nf3 d6 3. d4 Bg4 4. dxe5 Bxf3 5. Qxf3 dxe5 6. Bc4 Nf6 7. 0-0 h6 8. Rd1 Bd6 9. Nc3 0-0 10. Nd5 Nxd5 11. Bxd5 c6 12. Bb3 Qe7 13. Be3 Nd7 14. c3 Nc5 15. Bxc5 Bxc5 16. Rd3 Rad8 17. Rad1 Rd6 18. Rxd6 Bxd6 19. g3 g6 20. Qg4 Kg7 21. h4 h5 22. Qf3 Rd8 23. Rd3 b5 24. Qd1 f6 25. Kg2 Bc7 26. Rxd8 Qxd8 27. Qxd8 Bxd8 28. Be6 c5 29. c4 b4 30. Kf3 g5 1/2-1/2

[Event "Madrid San Viator op-B 30th"]
[Site "Madrid"]
[Date "2018.05.20"]
[Round "6"]
[White "Garcia Fraguas, Leandro"]
[Black "Torrecillas Adan, Luis"]
[Result "0-1"]
[WhiteElo "1319"]
[BlackElo "1459"]
[PlyCount "66"]
[EventDate "2018.04.08"]
[EventType "swiss"]
[EventRounds "9"]
[EventCountry "ESP"]
[SourceTitle "EXT 2019"]
[Source "ChessBase"]
[SourceDate "2018.10.10"]
[SourceVersion "1"]
[SourceVersionDate "2018.10.10"]
[SourceQuality "1"]

1. e4 e5 2. Nf3 Nc6 3. Bb5 Nge7 4. Nc3 a6 5. Bxc6 Nxc6 6. d4 exd4 7. Nxd4 Bb4 8. Nxc6 bxc6 9. Bd2 0-0 10. 0-0 Re8 11. Re1 d6 12. a3 Bc5 13. Be3 Bb6 14. Qd2 Bxe3 15. Rxe3 Re5 16. f4 Re8 17. Rae1 Bb7 18. Rg3 f6 19. f5 Re5 20. Rge3 Qe7 21. g4 h6 22. Qg2 d5 23. R3e2 d4 24. Nd1 Qc5 25. Kh1 Qe7 26. Nf2 c5 27. Nd3 Re8 28. Kg1 Bxe4 29. Qg3 Bxd3 30. Qxd3 Rxe2 31. Qc4+ Kh7 32. Qe6 Rxe1+ 33. Kf2 Rxe6 0-1

[Event "Madrid San Viator op-B 29th"]
[Site "Madrid"]
[Date "2017.09.24"]
[Round "2"]
[White "Torrecillas Adan, Luis"]
[Black "Alcojor Patilla, Antonio"]
[Result "0-1"]
[WhiteElo "1466"]
[BlackElo "1618"]
[PlyCount "90"]
[EventDate "2017.09.17"]
[EventType "swiss"]
[EventRounds "9"]
[EventCountry "ESP"]
[SourceTitle "EXT 2019"]
[Source "ChessBase"]
[SourceDate "2018.10.10"]
[SourceVersion "1"]
[SourceVersionDate "2018.10.10"]
[SourceQuality "1"]

1. e4 d6 2. Nf3 Nf6 3. Nc3 g6 4. Bc4 Bg7 5. h3 0-0 6. 0-0 c5 7. d3 e6 8. a3 Nc6 9. Bg5 a6 10. Rb1 b5 11. Ba2 Bb7 12. Re1 Qc7 13. Qd2 Rfd8 14. Qf4 Qe7 15. Rbd1 b4 16. Nb1 Rd7 17. c3 Nh5 18. Qc1 f6 19. Bd2 bxc3 20. Bxc3 Bh8 21. g4 Ng7 22. Qf4 Rf8 23. Nbd2 Ne5 24. Nxe5 fxe5 25. Qe3 Ne8 26. Nf3 Nc7 27. Ng5 Bf6 28. Nf3 Nb5 29. g5 Bg7 30. h4 Nd4 31. Bxd4 cxd4 32. Qe2 Rf4 33. Kh2 d5 34. exd5 Bxd5 35. Bxd5 exd5 36. Nxe5 Rxh4+ 37. Kg3 Qxg5+ 38. Ng4 Be5+ 39. f4 Bxf4+ 40. Kf2 Be3+ 41. Kg3 Rf7 42. Rh1 Bf2+ 43. Qxf2 Rxg4+ 44. Kh3 Qh5+ 45. Qh4 Qxh4# 0-1

[Event "Madrid San Viator op-B 26th"]
[Site "Madrid"]
[Date "2016.04.24"]
[Round "4"]
[White "Del Rio Garay, Felipe"]
[Black "Torrecillas Adan, Luis"]
[Result "0-1"]
[WhiteElo "1339"]
[BlackElo "1474"]
[PlyCount "56"]
[EventDate "2016.04.03"]
[EventType "swiss"]
[EventRounds "9"]
[EventCountry "ESP"]
[SourceTitle "EXT 2017"]
[Source "ChessBase"]
[SourceDate "2016.10.25"]
[SourceVersion "1"]
[SourceVersionDate "2016.10.25"]
[SourceQuality "1"]

1. d4 d5 2. c4 c6 3. g3 Bf5 4. Bg2 e6 5. Nf3 h6 6. Ne5 Nd7 7. Bf4 g5 8. Nxd7 gxf4 9. Nxf8 Bxb1 10. Nxe6 fxe6 11. Qxb1 Qf6 12. Qd3 fxg3 13. hxg3 0-0-0 14. Bh3 dxc4 15. Qxc4 Rxd4 16. Qxe6+ Kc7 17. e3 Rd8 18. Rd1 Rxd1+ 19. Kxd1 Qf3+ 20. Kd2 Qxh1 21. Qc8+ Kb6 22. Be6 Qf3 23. Qd8+ Ka6 24. Bc4+ b5 25. Be6 Qxf2+ 26. Kd3 Qf1+ 27. Ke4 Nf6+ 28. Ke5 Rxd8 0-1

[Event "Madrid San Viator op 24th"]
[Site "Madrid"]
[Date "2015.05.24"]
[Round "8"]
[White "Torrecillas Adan, Luis"]
[Black "Mosteiro Montoro, Alvaro"]
[Result "1-0"]
[WhiteElo "1245"]
[BlackElo "1591"]
[PlyCount "113"]
[EventDate "2015.03.22"]
[EventType "swiss"]
[EventRounds "9"]
[EventCountry "ESP"]
[SourceTitle "EXT 2016"]
[Source "ChessBase"]
[SourceDate "2015.10.08"]
[SourceVersion "1"]
[SourceVersionDate "2015.10.08"]
[SourceQuality "1"]

1. e4 c5 2. Bc4 e6 3. Nc3 Nc6 4. Nf3 a6 5. a4 d6 6. d3 Be7 7. 0-0 Bd7 8. Re1 Bf6 9. Ne2 Ne5 10. Nxe5 Bxe5 11. c3 Ne7 12. d4 cxd4 13. cxd4 Bf6 14. d5 e5 15. h3 0-0 16. a5 Ng6 17. Nc3 Bg5 18. Bf1 Bxc1 19. Qxc1 Rc8 20. g3 f5 21. exf5 Bxf5 22. h4 Qd7 23. Kh2 Bg4 24. Qd2 Qe7 25. Bg2 Rc4 26. Re4 Rxe4 27. Nxe4 h6 28. Ra4 Bf3 29. Qe3 Bxg2 30. Kxg2 Nxh4+ 31. gxh4 Qxh4 32. Qg3 Qe7 33. Qg6 Qh4 34. Ra3 Rf4 35. Rg3 Rf7 36. Nxd6 Rxf2+ 37. Kxf2 Qd4+ 38. Kg2 Qxd5+ 39. Kh3 Qh1+ 40. Kg4 Qd1+ 41. Kh4 Qh1+ 42. Rh3 Qe1+ 43. Qg3 Qb4+ 44. Kh5 Qxd6 45. Qb3+ Kh7 46. Qd3+ Qxd3 47. Rxd3 g6+ 48. Kh4 Kg7 49. Rd7+ Kf6 50. Rxb7 e4 51. Rb6+ Kf5 52. Rxa6 e3 53. Rc6 g5+ 54. Kh5 g4 55. a6 g3 56. a7 e2 57. Rc1 1-0

[Event "Madrid San Viator op 22nd"]
[Site "Madrid"]
[Date "2014.05.25"]
[Round "8"]
[White "Torrecillas Adan, Luis"]
[Black "Sirera Andres, Dario"]
[Result "1-0"]
[WhiteElo "1266"]
[BlackElo "1463"]
[PlyCount "85"]
[EventDate "2014.03.23"]
[EventType "swiss"]
[EventRounds "9"]
[EventCountry "ESP"]
[SourceTitle "EXT 2015"]
[Source "ChessBase"]
[SourceDate "2014.11.20"]
[SourceVersion "1"]
[SourceVersionDate "2014.11.20"]
[SourceQuality "1"]

1. e4 c5 2. c4 Nc6 3. Nf3 d6 4. Be2 Nf6 5. d3 g6 6. Nc3 Bg7 7. h3 e6 8. Bg5 0-0 9. 0-0 a6 10. Qd2 Nd4 11. Nxd4 cxd4 12. Nb1 e5 13. Na3 Be6 14. Nc2 b5 15. b3 bxc4 16. bxc4 Rb8 17. Rab1 Qc7 18. Rb4 Rb7 19. Rfb1 Rfb8 20. a3 Bf8 21. Bxf6 d5 22. Rxb7 Rxb7 23. Rxb7 Qxb7 24. exd5 Bf5 25. Bxe5 Qb1+ 26. Bd1 Bc5 27. Bxd4 Bxd4 28. Nxd4 Bd7 29. Kh2 Qa1 30. Nc2 Qe5+ 31. f4 Qb2 32. Qe2 Qc1 33. g3 a5 34. c5 Qb2 35. c6 Bc8 36. Qe8+ Kg7 37. Qxc8 Qc3 38. Qg4 Qxd3 39. Qf3 Qd2+ 40. Kg1 g5 41. fxg5 Qxg5 42. Qg4 Qxg4 43. Bxg4 1-0